[Event "25. Offene Herner Stadtmeisterschaft 2024"]
[Site "Herne-Sodingen"]
[Date "2024.01.29"]
[Round "1.1"]
[White "Koscielski, Janusz"]
[Black "Mayeres, Hans-Christian"]
[Result "1-0"]
[WhiteElo "2230"]
[BlackElo "1708"]
[PlyCount "37"]
[EventDate "2024.??.??"]
[WhiteTeam "SV Wattenscheid 1930 e"]
[BlackTeam "SC Recklinghausen Altsta"]

1. e4 g6 2. d4 Bg7 3. Nc3 d6 4. Bg5 a6 5. f4 b5 6. Nf3 Bb7 7. Bd3 Nd7 8. e5 c5 9. Ne4 Qb6 10. c3 d5 11. Nf2 e6 12. O-O Ne7 13. Bxe7 Kxe7 14. Qd2 f6 15. exf6+ Bxf6 16. Qe3 Kf7 17. Ng4 Rae8 18. Nfe5+ Bxe5 19. fxe5+ 1-0

[Event "25. Offene Herner Stadtmeisterschaft 2024"]
[Site "Herne-Sodingen"]
[Date "2024.01.29"]
[Round "1.2"]
[White "Wiese, Thomas"]
[Black "Quast, Marcel"]
[Result "0-1"]
[WhiteElo "1699"]
[BlackElo "2156"]
[PlyCount "50"]
[EventDate "2024.??.??"]
[WhiteTeam "SV Kamen 1930"]
[BlackTeam "SC Gerthe 46 - Werne"]

1. e4 e5 2. Nf3 d6 3. d4 exd4 4. Nxd4 Nf6 5. Nc3 Be7 6. Be2 O-O 7. O-O Re8 8. Re1 Nbd7 9. Bf1 a5 10. f3 a4 11. Nf5 Bf8 12. g4 Ne5 13. g5 Bxf5 14. exf5 Nfd7 15. Bf4 Nc5 16. Ne4 Ra5 17. Bd2 Ra8 18. f4 Nxe4 19. Rxe4 Nc6 20. Qf3 Rxe4 21. Qxe4 Qe7 22. Re1 Qxe4 23. Rxe4 d5 24. Re1 Nd4 25. Bg2 c6 0-1

[Event "25. Offene Herner Stadtmeisterschaft 2024"]
[Site "Herne-Sodingen"]
[Date "2024.01.29"]
[Round "1.3"]
[White "Werrn, Pascal"]
[Black "Ptaszyk, Henning"]
[Result "1-0"]
[WhiteElo "2132"]
[BlackElo "1652"]
[PlyCount "57"]
[EventDate "2024.??.??"]
[WhiteTeam "SK Sodingen/Castrop 24/23 e. V."]
[BlackTeam "SK Sodingen/Castrop 24/23 e. V."]

1. c4 Nf6 2. Nc3 c5 3. g3 e6 4. e4 Nc6 5. Bg2 Be7 6. Nge2 d6 7. d3 O-O 8. O-O Re8 9. h3 b6 10. e5 Bb7 11. exf6 Bxf6 12. Be3 Qd7 13. d4 cxd4 14. Nxd4 Bxd4 15. Bxd4 e5 16. Be3 Rac8 17. b3 Re6 18. Qd2 Rd8 19. Rad1 Ne7 20. Nd5 Nf5 21. Kh2 Nxe3 22. Nxe3 Bxg2 23. Kxg2 Rh6 24. h4 g5 25. Nd5 f6 26. Rh1 Rg6 27. hxg5 fxg5 28. Rh5 h6 29. Rxh6 1-0

[Event "25. Offene Herner Stadtmeisterschaft 2024"]
[Site "Herne-Sodingen"]
[Date "2024.01.29"]
[Round "1.4"]
[White "Kasprowski, Henryk"]
[Black "Hahn, Matthias"]
[Result "1/2-1/2"]
[WhiteElo "1644"]
[BlackElo "2122"]
[WhiteTeam "SV Wattenscheid 1930 e"]
[BlackTeam "SV Bochum-Linden-Dahlh"]

1. d4 d5 2. c4 e6 3. Nf3 Nf6 4. g3 Be7 5. Bg2 O-O 6. O-O dxc4 7. Qc2 b6 8. Qxc4 Bb7 9. Qc2 Nbd7 10. Nc3 c5 11. Rd1 Qc8 12. e4 cxd4 13. Nxd4 Rd8 14. Qe2 Ne5 15. Bf4 Nc6 16. Nxc6 Qxc6 17. Rac1 Rxd1+ 18. Nxd1 Qe8 19. Rc7 Bc6 20. Qc2 Rc8 21. Rxc8 Qxc8 22. Ne3 Qa8 23. e5 Bxg2 24. Nxg2 Nd5 25. Bd2 Bc5 26. Nf4 Nxf4 27. Bxf4 Qf3 28. Qd2 h6 29. h4 g5 30. hxg5 hxg5 31. Be3 Bxe3 32. Qxe3 Qd1+ 1/2-1/2

[Event "25. Offene Herner Stadtmeisterschaft 2024"]
[Site "Herne-Sodingen"]
[Date "2024.01.29"]
[Round "1.5"]
[White "Kiese, Matthias"]
[Black "Tolksdorf, Jürgen"]
[Result "1-0"]
[WhiteElo "2120"]
[BlackElo "1641"]
[PlyCount "83"]
[EventDate "2024.??.??"]
[WhiteTeam "Bochumer SV 02"]
[BlackTeam "SV Günnigfeld 1922 e."]

1. d4 b6 2. Nf3 e6 3. g3 Bb7 4. Bg2 Nc6 5. O-O d6 6. c4 Nf6 7. Nc3 Be7 8. b3 h5 9. Bg5 Nh7 10. Bxe7 Qxe7 11. d5 Ne5 12. Nxe5 dxe5 13. dxe6 Bxg2 14. exf7+ Qxf7 15. Kxg2 h4 16. Qd5 h3+ 17. Kg1 O-O 18. Rad1 Nf6 19. Qxe5 Rad8 20. Qf5 Qh5 21. Qxh5 Nxh5 22. Nd5 c6 23. Ne7+ Kh7 24. Nxc6 Rde8 25. e3 Nf6 26. Rd4 g5 27. Re1 Ne4 28. f4 gxf4 29. exf4 Nc3 30. Ne5 Rd8 31. Nf3 Rxd4 32. Nxd4 Rd8 33. Nf3 Kg6 34. g4 Nxa2 35. Kf2 Nb4 36. Kg3 Rd3 37. f5+ Kg7 38. g5 Nc6 39. Kg4 Rxb3 40. Re6 Rxf3 41. Rg6+ Kf7 42. Rf6+ 1-0

[Event "25. Offene Herner Stadtmeisterschaft 2024"]
[Site "Herne-Sodingen"]
[Date "2024.01.29"]
[Round "1.6"]
[White "Domnik, Roland"]
[Black "Waldschmidt, Georg"]
[Result "1/2-1/2"]
[WhiteElo "1640"]
[BlackElo "2090"]
[WhiteTeam "vereinslos"]
[BlackTeam "SK Sodingen/Castrop 24/23 e. V."]

1. d4 d5 2. c4 e6 3. cxd5 exd5 4. a3 c5 5. dxc5 Bxc5 6. e3 Nc6 7. Nf3 Nf6 8. Nc3 O-O 9. Be2 a6 10. b4 Ba7 11. h3 Qe7 12. O-O Rd8 13. Qc2 Be6 14. Rd1 Rac8 15. Qb2 d4 16. exd4 Nxd4 17. Be3 Nxe2+ 18. Nxe2 Bxe3 19. fxe3 Bd5 20. Qe5 Qxe5 21. Nxe5 Re8 22. Nd7 Rxe3 23. Nxf6+ gxf6 24. Nf4 Be4 25. Kf2 Rb3 26. Rd2 Kg7 27. Ne2 f5 28. Nc1 Rbc3 29. Ne2 Rc2 30. Rad1 Kf6 31. g3 Ke5 32. Ke3 R8c4 33. Rxc2 Rxc2 34. Rd2 Rc7 35. h4 Bd5 36. Kf2 Rc4 37. Rd3 Rc2 38. Re3+ Be4 39. Ke1 Kd5 40. Kd1 Rc6 41. Kd2 Rd6 42. Rc3 b6 43. Ke3 Ke5 44. Nf4 Rd1 45. Ne2 Kd6 46. Kf2 Ke5 47. Ke3 Rf1 48. Kd2 Bf3 49. Re3+ Kd5 1/2-1/2

[Event "25. Offene Herner Stadtmeisterschaft 2024"]
[Site "Herne-Sodingen"]
[Date "2024.01.29"]
[Round "1.7"]
[White "Hammerich, Simon"]
[Black "Pohl, Martin"]
[Result "1-0"]
[WhiteElo "2052"]
[BlackElo "1632"]
[PlyCount "47"]
[EventDate "2024.??.??"]
[WhiteTeam "SC Buer-Hassel 1919 e. V."]
[BlackTeam "SV Unser Fritz Wanne-E"]

1. c4 c5 2. Nf3 Nc6 3. d4 cxd4 4. Nxd4 Nxd4 5. Qxd4 Nf6 6. Nc3 g6 7. e4 d6 8. Be2 Bg7 9. O-O O-O 10. Qd3 Bg4 11. f3 Bd7 12. Be3 Bc6 13. Rac1 a6 14. a3 Rc8 15. Rfd1 Nd7 16. Qd2 Nc5 17. Qc2 Qe8 18. b4 Nd7 19. Nd5 e6 20. Nc3 d5 21. cxd5 Ba4 22. Qxa4 Rxc3 23. Rxc3 Bxc3 24. dxe6 1-0

[Event "25. Offene Herner Stadtmeisterschaft 2024"]
[Site "Herne-Sodingen"]
[Date "2024.01.29"]
[Round "1.8"]
[White "Kramer, Martin"]
[Black "Trzaska, Peter"]
[Result "1/2-1/2"]
[WhiteElo "1623"]
[BlackElo "2029"]
[PlyCount "38"]
[EventDate "2024.??.??"]
[WhiteTeam "Dortmunder SV 1875"]
[BlackTeam "SV Erkenschwick 1923 e"]

1. Nf3 d5 2. c4 dxc4 3. e3 c5 4. Bxc4 Nc6 5. d4 cxd4 6. exd4 e6 7. O-O Nf6 8. Nc3 Be7 9. Bf4 a6 10. a3 O-O 11. Re1 b5 12. Ba2 b4 13. axb4 Nxb4 14. Bc4 Bb7 15. Ne5 Nfd5 16. Bg3 Rc8 17. Qb3 Nb6 18. Nxf7 Rxf7 19. Bxe6 Qf8 1/2-1/2

[Event "25. Offene Herner Stadtmeisterschaft 2024"]
[Site "Herne-Sodingen"]
[Date "2024.01.29"]
[Round "1.9"]
[White "Callenberg, Ralf"]
[Black "Grothuesmann, Heinz"]
[Result "1-0"]
[WhiteElo "2008"]
[BlackElo "1622"]
[PlyCount "35"]
[EventDate "2024.??.??"]
[WhiteTeam "Recklinghäuser SV Süd/"]
[BlackTeam "SC Recklinghausen Altsta"]

1. c4 e5 2. g3 Nf6 3. Bg2 Bc5 4. Nc3 c6 5. e3 O-O 6. Nge2 d6 7. O-O Bg4 8. d4 exd4 9. exd4 Bb6 10. h3 Bxe2 11. Nxe2 h6 12. Nc3 Nbd7 13. Bf4 Bc7 14. b4 Nb6 15. Qb3 Nh5 16. Be3 Nd7 17. b5 cxb5 18. Qxb5 1-0

[Event "25. Offene Herner Stadtmeisterschaft 2024"]
[Site "Herne-Sodingen"]
[Date "2024.01.29"]
[Round "1.10"]
[White "Ponto, Michael"]
[Black "Morawietz, Manuel"]
[Result "0-1"]
[WhiteElo "1616"]
[BlackElo "1991"]
[WhiteTeam "SV Zeppelin Herne e. V."]
[BlackTeam "SV Unna 1924"]

1. c4 Nf6 2. Nc3 g6 3. Nf3 Bg7 4. g3 O-O 5. Bg2 c6 6. O-O d5 7. cxd5 cxd5 8. d4 Nc6 9. Re1 Ne4 10. e3 e6 11. Nxe4 dxe4 12. Nd2 f5 13. f3 e5 14. dxe5 exf3 15. Qb3+ Kh8 16. Nxf3 Nxe5 17. Rd1 Qe7 18. Nd4 Rb8 19. Bd2 Bd7 20. Bb4 Qe8 21. Bxf8 Bxf8 22. a4 Ng4 23. Re1 a5 24. Nc2 Bg7 25. Nd4 Bh6 26. e4 f4 27. Nc2 fxg3 28. Qxg3 Rc8 29. Re2 Bxa4 30. Qxg4 Bxc2 31. e5 Bf5 32. Qa4 Qd8 33. e6 Qb6+ 34. Kh1 Bxe6 35. Rae1 Bf7 36. Qd7 Rf8 37. Re7 Bg8 38. Qh3 Bd2 39. Rxb7 Qf2 40. Rf1 Qxf1+ 41. Bxf1 Bd5+ 42. Kg1 Bxb7 43. Qd3 Bh6 44. Bg2 Bxg2 45. Kxg2 Bg7 46. Qa3 Rf5 47. b3 h5 48. h3 Kh7 49. Qa4 Kh6 50. Qe4 Be5 51. h4 Kg7 52. Qb7+ Rf7 53. Qd5 Bc3 54. Qc4 Bb4 55. Qd4+ Kh7 56. Qd5 Kg8 57. Qd8+ Kg7 58. Qd4+ Rf6 59. Qd7+ Kf8 60. Qd8+ Kf7 61. Qd7+ Kg8 62. Qd8+ Rf8 63. Qd5+ Kh7 64. Qe6 Rf4 65. Kh3 Rg4 66. Qf6 Kg8 67. Qe6+ Kf8 68. Qf6+ Ke8 69. Qe6+ Kd8 70. Qf6+ Kd7 71. Qf7+ Kd6 72. Qf6+ Kd5 73. Qd8+ Ke4 74. Qd1 Ke3 75. Qc1+ Kd3 76. Qf1+ Kc2 77. Qf7 Bd6 0-1

[Event "25. Offene Herner Stadtmeisterschaft 2024"]
[Site "Herne-Sodingen"]
[Date "2024.01.29"]
[Round "1.11"]
[White "Reinholz, Benjamin, Dr."]
[Black "Koch, Burkhard"]
[Result "1-0"]
[WhiteElo "1981"]
[BlackElo "1613"]
[WhiteTeam "SK Sodingen/Castrop 24/23 e. V."]
[BlackTeam "SG Wanne"]

1. e4 e6 2. d4 d5 3. exd5 exd5 4. c4 Nf6 5. Nc3 Be7 6. Bd3 Be6 7. b3 Nc6 8. Nge2 dxc4 9. Bxc4 Nd5 10. Bb2 Bb4 11. Rc1 O-O 12. O-O Nxc3 13. Bxc3 Bxc3 14. Rxc3 Bg4 15. f3 Bd7 16. Qd2 Ne7 17. Rd1 Nf5 18. Bd5 Nd6 19. Qc2 Rc8 20. Be4 g6 21. Nf4 Qg5 22. g3 Bf5 23. Re1 Nb5 24. Bxf5 Nxd4 25. Qe4 Nxf5 26. Qxb7 Nxg3 27. hxg3 Qxg3+ 28. Ng2 Rfe8 29. Rce3 1-0

[Event "25. Offene Herner Stadtmeisterschaft 2024"]
[Site "Herne-Sodingen"]
[Date "2024.01.29"]
[Round "1.12"]
[White "Jähnicke, Karl-Heinz"]
[Black "Ribbeheger, Edgar"]
[Result "0-1"]
[WhiteElo "1613"]
[BlackElo "1971"]
[WhiteTeam "SC Scharnhorst 2002"]
[BlackTeam "SK Sodingen/Castrop 24/23 e. V."]

1. d4 Nf6 2. c4 e6 3. Nc3 d5 4. e3 c6 5. Nf3 Bd6 6. Bd3 dxc4 7. Bxc4 O-O 8. O-O Nbd7 9. e4 e5 10. Bg5 h6 11. Bh4 Qc7 12. d5 Bb4 13. Qe2 Bxc3 14. bxc3 cxd5 15. exd5 Qa5 16. Bxf6 Nxf6 17. Nxe5 Nxd5 18. Bxd5 Qxd5 19. Rad1 Qe6 20. Rfe1 Re8 21. Qd2 Qf6 22. f4 Be6 23. c4 Rad8 24. Qc1 Rc8 25. Rd6 Qe7 26. Qd2 Bxc4 27. Nf3 Qc7 28. Rc1 Qc5+ 29. Kh1 Qa3 30. Ne5 Be6 31. Rxc8 Rxc8 32. Rd8+ Rxd8 33. Qxd8+ Kh7 34. Qd1 Qxa2 35. h4 Qd5 36. Qc2+ f5 37. h5 Qe4 38. Qf2 Bd5 39. Qg3 Qb1+ 40. Kh2 Qb6 41. Ng6 Bf7 42. Nf8+ Kg8 43. Nd7 Qd6 44. Ne5 Bxh5 45. Qb3+ Kh7 46. Qxb7 Qd4 47. g3 a5 48. Qc8 Qb2+ 49. Kh3 Qb1 50. Kh2 a4 51. Nd7 Qb2+ 52. Kg1 Qd4+ 53. Kg2 Qd2+ 54. Kg1 Qe1+ 55. Kg2 Qe2+ 56. Kg1 Qe3+ 57. Kg2 Bf3+ 58. Kh3 Bg4+ 59. Kg2 Qd2+ 60. Kg1 Qe3+ 61. Kg2 Qf3+ 0-1

[Event "25. Offene Herner Stadtmeisterschaft 2024"]
[Site "Herne-Sodingen"]
[Date "2024.01.29"]
[Round "1.13"]
[White "Melmer, Felix"]
[Black "Fenchel, Nils"]
[Result "1-0"]
[WhiteElo "1969"]
[BlackElo "1604"]
[PlyCount "41"]
[EventDate "2024.??.??"]
[WhiteTeam "SC Gerthe 46 - Werne"]
[BlackTeam "SC Buer-Hassel 1919 e. V."]

1. d4 Nf6 2. c4 g6 3. Nc3 d5 4. Nf3 Bg7 5. Qb3 dxc4 6. Qxc4 O-O 7. Bf4 c6 8. e4 Bg4 9. Be2 Nbd7 10. Rd1 Qa5 11. O-O Rfe8 12. b4 Qb6 13. Ng5 Bxe2 14. Qxf7+ Kh8 15. Nxe2 h6 16. Ne6 Rg8 17. Qxg6 Nf8 18. Qf5 Nxe6 19. Qxe6 Raf8 20. Be3 Qc7 21. Nf4 1-0

[Event "25. Offene Herner Stadtmeisterschaft 2024"]
[Site "Herne-Sodingen"]
[Date "2024.01.29"]
[Round "1.14"]
[White "Schneider, Timo"]
[Black "Cobanoglu, Ferhat"]
[Result "0-1"]
[WhiteElo "1585"]
[BlackElo "1951"]
[WhiteTeam "SV Datteln 1924"]
[BlackTeam "SK Sodingen/Castrop 24/23 e. V."]

1. c4 d6 2. Nc3 c5 3. g3 Nc6 4. Bg2 e5 5. d3 Nge7 6. e3 g6 7. h3 Bg7 8. Nge2 Rb8 9. a3 a6 10. Nd5 Nxd5 11. cxd5 Ne7 12. e4 Bd7 13. O-O Qc8 14. Kh2 f5 15. f4 O-O 16. Rb1 b5 17. Be3 b4 18. a4 fxe4 19. dxe4 c4 20. fxe5 Bxe5 21. Bd4 Rxf1 22. Qxf1 Qf8 23. Bxe5 Qxf1 24. Bxf1 dxe5 25. b3 cxb3 26. Nc1 Bxa4 27. Bxa6 Ra8 28. Bc4 Rc8 29. Bxb3 Bxb3 30. Nxb3 Rc4 31. Na5 Rxe4 32. d6 Nf5 33. Rd1 Rd4 34. Rxd4 Nxd4 35. d7 Ne6 36. Nc6 b3 37. Ne7+ Kf7 38. Nd5 b2 39. Nc3 Ke7 40. Kg1 Ng5 41. Kg2 Kxd7 42. h4 Ne4 43. Nb1 Kc6 44. Kf3 Kd5 45. g4 Kd4 46. h5 Nc3 47. hxg6 hxg6 48. g5 Nxb1 49. Ke2 Nc3+ 50. Kd2 e4 51. Kc2 b1=Q+ 0-1

[Event "25. Offene Herner Stadtmeisterschaft 2024"]
[Site "Herne-Sodingen"]
[Date "2024.01.29"]
[Round "1.15"]
[White "Winterkamp, Sascha"]
[Black "Steinke, Hans-Jörg"]
[Result "1-0"]
[WhiteElo "1925"]
[BlackElo "1573"]
[PlyCount "59"]
[EventDate "2024.??.??"]
[WhiteTeam "SK Sodingen/Castrop 24/23 e. V."]
[BlackTeam "SV Erkenschwick 1923 e"]

1. d4 d5 2. Nf3 Nf6 3. c3 Bf5 4. Qb3 Qc8 5. Ne5 e6 6. Bg5 Be7 7. Nd2 O-O 8. f3 h6 9. Bh4 Nbd7 10. g4 Bh7 11. Rg1 Re8 12. c4 Nxe5 13. dxe5 dxc4 14. Nxc4 Nd5 15. Bxe7 Rxe7 16. e4 Nf4 17. g5 hxg5 18. Rxg5 Rd7 19. Qe3 Ng6 20. Be2 a5 21. Qg1 Qf8 22. Qg3 Qb4+ 23. Kf2 b5 24. Ne3 Qxb2 25. Re1 Rd2 26. h4 Rad8 27. h5 R8d3 28. f4 Qd4 29. hxg6 Bxg6 30. f5 1-0

[Event "25. Offene Herner Stadtmeisterschaft 2024"]
[Site "Herne-Sodingen"]
[Date "2024.01.29"]
[Round "1.16"]
[White "Baumeister, Sven"]
[Black "Wiechen, Ulrich"]
[Result "0-1"]
[WhiteElo "1544"]
[BlackElo "1923"]
[PlyCount "70"]
[EventDate "2024.??.??"]
[WhiteTeam "SV Datteln 1924"]
[BlackTeam "SC Buer-Hassel 1919 e. V."]

1. e4 e5 2. Nf3 Nc6 3. Bb5 a6 4. Ba4 Nf6 5. O-O b5 6. Bb3 Bc5 7. d3 d6 8. a4 Bg4 9. h3 Bxf3 10. Qxf3 Nd4 11. Qd1 Nxb3 12. cxb3 h6 13. Bd2 b4 14. a5 Rb8 15. Qe1 Qd7 16. Kh1 Qb5 17. Qe2 O-O 18. f4 exf4 19. Bxf4 Bd4 20. Qc2 Nh5 21. Bh2 Qg5 22. Nd2 Be3 23. Rf5 Qg6 24. Nf3 Ng3+ 25. Bxg3 Qxg3 26. Nh2 Bf4 27. Nf1 Qh4 28. Qxc7 Rbc8 29. Qb6 Rc2 30. Rb1 g6 31. Rd5 Rfc8 32. Rxd6 Rxg2 33. Rd8+ Rxd8 34. Kxg2 Rxd3 35. Qf2 Qg5+ 0-1

[Event "25. Offene Herner Stadtmeisterschaft 2024"]
[Site "Herne-Sodingen"]
[Date "2024.01.29"]
[Round "1.17"]
[White "Rohloff, Markus"]
[Black "Lojack, Rouven"]
[Result "1-0"]
[WhiteElo "1896"]
[BlackElo "1531"]
[Annotator "georg"]
[PlyCount "43"]
[EventDate "2024.??.??"]
[WhiteTeam "SV Rot-WeissAltenessen"]
[BlackTeam "SV Königsspringer Halt"]

1. e4 c5 2. Nf3 Nc6 3. d4 cxd4 4. Nxd4 g6 5. Bc4 Bg7 6. Be3 e6 7. Nc3 Nge7 8. Qd2 a6 9. Rd1 b5 10. Be2 Qc7 11. O-O Bb7 12. f4 Nxd4 13. Bxd4 Bxd4+ 14. Qxd4 O-O-O 15. Bxb5 Nc6 16. Bxc6 dxc6 17. Qe3 f5 18. e5 c5 19. Na4 Qc6 20. Qxc5 Kb8 21. Qxc6 Bxc6 22. Nc5 1-0

[Event "25. Offene Herner Stadtmeisterschaft 2024"]
[Site "Herne-Sodingen"]
[Date "2024.01.29"]
[Round "1.18"]
[White "Krolik, Wilfried"]
[Black "Klüting, Reiner"]
[Result "0-1"]
[WhiteElo "1510"]
[BlackElo "1861"]
[PlyCount "46"]
[EventDate "2024.??.??"]
[WhiteTeam "SV Waltrop 1922 e. V."]
[BlackTeam "SV Wattenscheid 1930 e"]

1. e4 Nf6 2. Nc3 e5 3. Nf3 Bb4 4. d3 Nc6 5. a3 Bxc3+ 6. bxc3 d5 7. exd5 Qxd5 8. Be2 h6 9. h3 O-O 10. O-O Bf5 11. Nh4 Bh7 12. Be3 Rfd8 13. Rb1 Rab8 14. Qc1 e4 15. c4 Qe6 16. g4 exd3 17. cxd3 Bxd3 18. Bxd3 Rxd3 19. Nf5 Ne5 20. Nd4 Rxd4 21. Bxd4 Nf3+ 22. Kg2 Nxd4 23. Re1 Qc6+ 0-1

[Event "25. Offene Herner Stadtmeisterschaft 2024"]
[Site "Herne-Sodingen"]
[Date "2024.01.29"]
[Round "1.19"]
[White "Winzbeck, Frank"]
[Black "Landwehr, Ingo"]
[Result "1-0"]
[WhiteElo "1850"]
[BlackElo "1504"]
[PlyCount "47"]
[EventDate "2024.??.??"]
[WhiteTeam "SC Buer-Hassel 1919 e. V."]
[BlackTeam "Bochumer SV 02"]

1. d4 g6 2. c4 Bg7 3. Nc3 d6 4. e4 e5 5. d5 Nf6 6. h3 O-O 7. Nf3 a5 8. Bg5 h6 9. Bh4 g5 10. Bg3 Nbd7 11. Bd3 Nh7 12. a3 Ndf6 13. Nh2 Nh5 14. Qxh5 Nf6 15. Qe2 Bd7 16. Ng4 Ne8 17. f3 f5 18. exf5 h5 19. Ne3 Nf6 20. h4 e4 21. fxe4 g4 22. O-O-O Re8 23. Rde1 Rb8 24. Bf4 1-0

[Event "25. Offene Herner Stadtmeisterschaft 2024"]
[Site "Herne-Sodingen"]
[Date "2024.01.29"]
[Round "1.20"]
[White "von Blumenthal, Nikolaus"]
[Black "Gritzan, Ulrich"]
[Result "1/2-1/2"]
[WhiteElo "1498"]
[BlackElo "1838"]
[WhiteTeam "SV Zeppelin Herne e.V."]
[BlackTeam "SC Buer-Hassel 1919 e. V."]

1. e4 c5 2. Bc4 Nc6 3. a3 Nf6 4. Nc3 e6 5. d3 d5 6. exd5 exd5 7. Ba2 Be7 8. Nf3 O-O 9. O-O h6 10. h3 Bf5 11. Bf4 Re8 12. Re1 Rc8 13. Ne5 Nd4 14. Nf3 Ne6 15. Bh2 a6 16. Nxd5 Nxd5 17. Bxd5 Qxd5 18. Re5 Qd7 19. Rxf5 Bf6 20. Ne5 Qe7 21. Rf3 Nd4 22. Re3 Ne6 23. Rb1 Bg5 24. Re1 Qf6 25. Nc4 Bf4 26. Bxf4 Qxf4 27. Qg4 Qxg4 28. hxg4 Red8 29. Re5 b5 30. Ne3 Nd4 31. Rd1 Kf8 32. Kf1 f6 33. Re4 Kf7 34. Rd2 Rd7 35. b3 Ne6 36. c4 Rcd8 37. Nd5 Rb8 38. Rde2 Rd6 39. cxb5 axb5 40. Nc7 Nxc7 41. Re7+ Kg6 42. Rxc7 Rxd3 43. Ree7 Rg8 44. Re3 Rd1+ 45. Ke2 Rc1 46. Kd2 Rf1 47. Re2 Rd8+ 48. Kc2 Rd5 49. f3 h5 50. gxh5+ Rxh5 51. Rb7 c4 52. bxc4 bxc4 53. Rc7 Ra5 54. Kb2 Ra4 55. Rc2 Rg1 56. Rb7 Ra5 57. Rb4 Rg5 58. Rbxc4 R1xg2 59. Rxg2 Rxg2+ 60. Kb3 Kf5 61. a4 Rf2 62. a5 Rxf3+ 63. Kb4 Rh3 64. Kb5 g5 65. a6 Rh8 66. Kc5 g4 67. Kd4 Ra8 68. Ra4 Kf4 69. Kd3+ Kf3 70. Ra5 Kf4 71. Ke2 g3 72. Ra4+ Ke5 73. Kf3 Kd5 74. Kxg3 Kc5 1/2-1/2

[Event "25. Offene Herner Stadtmeisterschaft 2024"]
[Site "Herne-Sodingen"]
[Date "2024.01.29"]
[Round "1.21"]
[White "Schmidt, Ralph"]
[Black "Deno, Thomas"]
[Result "1-0"]
[WhiteElo "1825"]
[BlackElo "1439"]
[PlyCount "76"]
[EventDate "2024.??.??"]
[WhiteTeam "SV Bochum-Linden-Dahlh"]
[BlackTeam "SC Buer-Hassel 1919 e. V."]

1. e4 e5 2. Nf3 Nc6 3. Bc4 Nf6 4. Ng5 d5 5. exd5 Na5 6. d3 Nxc4 7. dxc4 Bd6 8. Nc3 O-O 9. O-O Bd7 10. Nge4 Nxe4 11. Nxe4 Qe7 12. c3 Qh4 13. f3 b6 14. Qe1 Qh5 15. Qg3 Be7 16. Bg5 f6 17. Bd2 h6 18. Rad1 Rad8 19. b4 Bf5 20. Qe1 Bxe4 21. fxe4 f5 22. exf5 Rxf5 23. Qe4 Rxf1+ 24. Rxf1 Rf8 25. Re1 Bd6 26. Be3 Qf5 27. Qxf5 Rxf5 28. c5 bxc5 29. bxc5 Be7 30. Rb1 a5 31. Rb5 e4 32. c4 Bd8 33. Rxa5 c6 34. Ra8 Rf8 35. a4 cxd5 36. cxd5 Bg5 37. Rxf8+ Kxf8 38. Bxg5 hxg5 1-0

[Event "25. Offene Herner Stadtmeisterschaft 2024"]
[Site "Herne-Sodingen"]
[Date "2024.01.29"]
[Round "1.22"]
[White "Neumann, Frank"]
[Black "Funke, Eckhard"]
[Result "0-1"]
[WhiteElo "1398"]
[BlackElo "1806"]
[PlyCount "103"]
[EventDate "2024.??.??"]
[WhiteTeam "SV Waltrop 1922 e. V."]
[BlackTeam "SV Günnigfeld 1922 e."]

1. e4 c5 2. Nc3 g6 3. f4 e6 4. Bc4 Nc6 5. Nf3 Nge7 6. O-O d6 7. d3 Bg7 8. Qe1 O-O 9. f5 exf5 10. exf5 Nxf5 11. Bg5 Qe8 12. Qd2 Be6 13. Rae1 Qd7 14. Nd5 Bxd5 15. Bxd5 h6 16. Bh4 Nxh4 17. Nxh4 Qg4 18. Nf3 Nd4 19. c3 Nxf3+ 20. Bxf3 Qd7 21. Re2 Rae8 22. Rfe1 Rxe2 23. Rxe2 d5 24. b3 b6 25. Qe1 Qf5 26. Qd2 c4 27. d4 cxb3 28. axb3 Qb1+ 29. Qe1 Qxb3 30. Re7 Bf6 31. Re2 Kg7 32. g3 Rc8 33. Re3 a5 34. Bd1 Qc4 35. Rf3 Qc6 36. Qf1 Qd6 37. Ba4 Rc7 38. Kg2 Re7 39. Qb5 Qe6 40. Bb3 Qe1 41. Bxd5 Re2+ 42. Kh3 Qd2 43. Rxf6 Rxh2+ 44. Kg4 Qg5+ 45. Kf3 Qxf6+ 46. Ke4 Qf5+ 47. Ke3 Qf2+ 48. Ke4 Qe1+ 49. Kf4 Rf2+ 50. Bf3 g5+ 51. Kg4 Qe6+ 52. Qf5 0-1

[Event "25. Offene Herner Stadtmeisterschaft 2024"]
[Site "Herne-Sodingen"]
[Date "2024.01.29"]
[Round "1.23"]
[White "Kleinert, Andreas"]
[Black "Scheithauer, Ralf"]
[Result "1-0"]
[WhiteElo "1805"]
[BlackElo "1376"]
[PlyCount "100"]
[EventDate "2024.??.??"]
[WhiteTeam "SC Buer-Hassel 1919 e. V."]
[BlackTeam "Bochumer SV 02"]

1. c4 Nf6 2. g3 e5 3. Bg2 Be7 4. Nc3 O-O 5. e3 c6 6. Nge2 d6 7. O-O Be6 8. b3 Nbd7 9. d4 exd4 10. exd4 d5 11. Nf4 Bg4 12. f3 Bf5 13. cxd5 Bb4 14. Bb2 Bxc3 15. Bxc3 Nxd5 16. Nxd5 cxd5 17. Qd2 Nf6 18. Rfe1 Qd7 19. Re5 Rfe8 20. Rae1 Be6 21. Qd3 Qc6 22. Bd2 Rac8 23. Rc1 Qd7 24. Ree1 Rxc1 25. Rxc1 Rc8 26. Rxc8+ Qxc8 27. Qc3 Qxc3 28. Bxc3 Kf8 29. g4 h6 30. h4 Ne8 31. Bb4+ Kg8 32. Kf2 f6 33. Kg3 Kf7 34. f4 g6 35. f5 gxf5 36. gxf5 Bxf5 37. Bxd5+ Kg7 38. Bxb7 Nc7 39. Bc5 Bb1 40. a4 Bc2 41. Bxa7 Bxb3 42. Bb8 Nd5 43. a5 Nb4 44. a6 Nxa6 45. Bxa6 Bd5 46. Kf4 Kf7 47. Bc8 Kg7 48. Bg4 Bg2 49. Be6 h5 50. Kg3 Bd5 1-0

[Event "25. Offene Herner Stadtmeisterschaft 2024"]
[Site "Herne-Sodingen"]
[Date "2024.01.29"]
[Round "1.24"]
[White "Kümmel, Hans-Jürgen"]
[Black "Boost, Jürgen"]
[Result "0-1"]
[WhiteElo "1315"]
[BlackElo "1797"]
[PlyCount "42"]
[EventDate "2024.??.??"]
[WhiteTeam "SV Günnigfeld 1922 e."]
[BlackTeam "SC Gerthe 46 - Werne"]

1. Nf3 d5 2. d4 e6 3. e3 Nf6 4. c4 Be7 5. Nc3 O-O 6. Be2 dxc4 7. Bxc4 a6 8. a4 c5 9. dxc5 Qa5 10. O-O Nc6 11. Be2 Bxc5 12. Bd2 Qb6 13. Qc2 e5 14. Ne4 Nxe4 15. Qxe4 Be7 16. Bc3 Bf6 17. Rfd1 Re8 18. Rd6 Be6 19. Rad1 Bb3 20. Qd3 Bxd1 21. Bxd1 e4 0-1

[Event "25. Offene Herner Stadtmeisterschaft 2024"]
[Site "Herne-Sodingen"]
[Date "2024.01.29"]
[Round "1.25"]
[White "Bautz, Volker"]
[Black "Breimann, Tobias"]
[Result "1-0"]
[WhiteElo "1784"]
[BlackElo "1287"]
[PlyCount "67"]
[EventDate "2024.??.??"]
[WhiteTeam "Bochumer SV 02"]
[BlackTeam "SV Waltrop 1922 e. V."]

1. e4 e6 2. d4 d5 3. Nc3 Nf6 4. e5 Nfd7 5. Nf3 c5 6. Bg5 f6 7. exf6 Nxf6 8. Bb5+ Nc6 9. O-O Be7 10. Ne5 Qc7 11. Bf4 Bd6 12. Nxc6 bxc6 13. Bxd6 Qxd6 14. dxc5 Qxc5 15. Bd3 O-O 16. Qe2 Qd6 17. Rae1 Re8 18. f4 g6 19. Qf3 Qb4 20. Nd1 Qd4+ 21. Kh1 Kg7 22. c3 Qb6 23. Rf2 Ba6 24. Rfe2 Kf7 25. Nf2 c5 26. a3 c4 27. Bc2 Re7 28. Nh3 h6 29. Qg3 Rg8 30. Qh4 Rh8 31. f5 gxf5 32. Bxf5 Bc8 33. Nf4 Ne4 34. Ng6 1-0

[Event "25. Offene Herner Stadtmeisterschaft 2024"]
[Site "Herne-Sodingen"]
[Date "2024.01.29"]
[Round "1.26"]
[White "Dimitriadis, Elias"]
[Black "Hielscher, Klaus-Peter"]
[Result "1/2-1/2"]
[WhiteElo "1265"]
[BlackElo "1780"]
[WhiteTeam "SV Waltrop 1922 e. V."]
[BlackTeam "SV Wattenscheid 1930 e"]

1. e4 c5 2. Nf3 e6 3. d4 cxd4 4. Nxd4 Nc6 5. Nc3 a6 6. Be3 Qc7 7. Be2 Nf6 8. Qd2 Bb4 9. f3 d5 10. a3 Qa5 11. Nxc6 bxc6 12. O-O Bxc3 13. Qxc3 Qxc3 14. bxc3 O-O 15. e5 Nd7 16. f4 f6 17. Bg4 Re8 18. c4 fxe5 19. cxd5 cxd5 20. Bh3 exf4 21. Bxf4 e5 22. Rae1 e4 23. Bd6 Nf6 24. Bxc8 Raxc8 25. Rf2 Rc6 26. Bb4 Rec8 27. c3 Ra8 28. Ref1 a5 29. Be7 Raa6 30. g4 h6 31. Rf5 Rxc3 32. g5 hxg5 33. Rxg5 Kf7 34. Bd8 Rxa3 35. Rxd5 Ke6 36. Rg5 Kd7 37. Rd1+ Rd3 38. Rxd3+ exd3 39. Bxa5 Ke6 40. Bc3 Rd6 41. Re5+ Kf7 42. Re1 Rc6 43. Bxf6 Kxf6 44. Rd1 Rd6 45. Kf2 Kf5 46. Kf3 g5 47. Rd2 Rd8 48. h3 Rd7 49. Ke3 Re7+ 50. Kf3 Rh7 51. Rh2 Rc7 52. Rd2 Rd7 53. Ke3 Ke5 54. Rxd3 Rxd3+ 55. Kxd3 Kf4 56. h4 1/2-1/2